| 000 | 00538nam a2200181Ia 4500 | ||
|---|---|---|---|
| 008 | 100917s9999 xx 000 0 und d | ||
| 082 | _b58751 | ||
| 100 | _aभागवत लीलावती | ||
| 245 | _aपागेतल गुपीत | ||
| 260 |
_bसंजय प्रकाशन _c1980 |
||
| 300 | _a115 | ||
| 365 | _b10 | ||
| 520 | _aबालविभाग | ||
| 630 | _aपागेतल गुपीत | ||
| 650 | _aबालविभाग | ||
| 730 | _aपागेतल गुपीत | ||
| 942 | _cBOOK | ||
| 999 |
_c664145 _d664142 |
||